[Event "Manny Pacquiao op"]
[Site "General Santos City"]
[Date "2022.12.16"]
[Round "7"]
[White "Lorenzo, Kimuel Aaron O"]
[Black "Teh, Wee Zhun"]
[Result "1-0"]
[WhiteElo "1835"]
[BlackElo "1908"]
[PlyCount "89"]
[EventDate "2022.12.13"]
[EventType "swiss"]
[EventRounds "9"]
[EventCountry "PHI"]
[SourceTitle "EXT 2024"]
[Source "ChessBase"]
[SourceDate "2023.10.10"]
[SourceVersion "1"]
[SourceVersionDate "2023.10.10"]
[SourceQuality "1"]

1. e4 d6 2. d4 Nf6 3. Nc3 e5 4. Nf3 Nbd7 5. Bc4 Be7 6. 0-0 0-0 7. Re1 a6 8. a4 b6 9. b3 Bb7 10. h3 c5 11. dxe5 Nxe5 12. Nxe5 dxe5 13. Bg5 Nd7 14. Be3 h6 15. Qh5 Nf6 16. Qxe5 Ng4 17. hxg4 Bf6 18. Qg3 Bxc3 19. Bxc5 Bxe1 20. Bxf8 Bd2 21. Rd1 Kxf8 22. Qf3 Qe7 23. Rxd2 Bxe4 24. Qe3 Qb7 25. f3 Bc6 26. Qf4 Kg8 27. Rd6 Rf8 28. Bxa6 Qxa6 29. Rxc6 Qe2 30. Qe4 Qd1+ 31. Kh2 Qd7 32. Rc4 Re8 33. Qd3 Qe7 34. Re4 Qh4+ 35. Kg1 Rd8 36. Qe2 Kh7 37. Re3 Rd6 38. Re5 Qd8 39. Qf2 Rd2 40. Re2 Rd1+ 41. Kh2 Qg5 42. Qg3 Qc1 43. Qe5 g6 44. Qf6 Rd7 45. Re8 1-0

[Event "Asian Hybrid"]
[Site "Tornelo INT"]
[Date "2021.05.26"]
[Round "6"]
[White "Lorenzo, Kimuel Aaron O"]
[Black "Diez, Allan"]
[Result "1-0"]
[WhiteElo "1769"]
[BlackElo "2069"]
[PlyCount "89"]
[EventDate "2021.05.21"]
[EventType "swiss"]
[EventRounds "9"]
[EventCountry "NET"]
[SourceTitle "CBM 202 Extra"]
[Source "ChessBase"]
[SourceDate "2021.07.31"]
[SourceVersion "1"]
[SourceVersionDate "2021.07.31"]
[SourceQuality "1"]

1. e4 c5 2. Nf3 d6 3. d4 cxd4 4. Nxd4 Nf6 5. Nc3 a6 6. Bg5 e6 7. f4 Be7 8. Qf3 Nbd7 9. 0-0-0 h6 10. Bxf6 Bxf6 11. g4 g5 12. f5 Ne5 13. Qg3 Bd7 14. Be2 Rc8 15. Kb1 Qb6 16. Nb3 Ke7 17. Rhf1 Rhf8 18. Rd2 Nc4 19. Bxc4 Rxc4 20. fxe6 fxe6 21. Rdf2 Rcc8 22. Rxf6 Rxf6 23. Rxf6 Kxf6 24. e5+ Ke7 25. Ne4 d5 26. Nf6 Ba4 27. a3 Bxb3 28. cxb3 Qd4 29. Qe1 b6 30. a4 a5 31. h4 Qd3+ 32. Ka2 Rc2 33. hxg5 Re2 34. Qc1 Qc2 35. Qxc2 Rxc2 36. gxh6 Kf7 37. Nh5 Kg6 38. Nf4+ Kg5 39. h7 Rc8 40. Nxe6+ Kg6 41. Nf4+ Kxh7 42. Nxd5 Rc5 43. Nxb6 Rxe5 44. b4 axb4 45. Kb3 1-0

[Event "Asian Hybrid"]
[Site "Tornelo INT"]
[Date "2021.05.23"]
[Round "3"]
[White "Nurgali, Nazerke"]
[Black "Lorenzo, Kimuel Aaron O"]
[Result "1-0"]
[WhiteElo "2217"]
[BlackElo "1769"]
[PlyCount "153"]
[EventDate "2021.05.21"]
[EventType "swiss"]
[EventRounds "9"]
[EventCountry "NET"]
[SourceTitle "CBM 202 Extra"]
[Source "ChessBase"]
[SourceDate "2021.07.31"]
[SourceVersion "1"]
[SourceVersionDate "2021.07.31"]
[SourceQuality "1"]

1. d4 Nf6 2. Nf3 g6 3. c4 Bg7 4. g3 d6 5. Bg2 0-0 6. 0-0 c6 7. Nc3 Qa5 8. e4 Be6 9. d5 Bg4 10. h3 Bxf3 11. Bxf3 Rc8 12. Be2 Nbd7 13. Bd2 Qc7 14. Rc1 Nc5 15. Qc2 a5 16. Be3 Nfd7 17. h4 a4 18. Qb1 Qa5 19. Kg2 Qb4 20. Bd2 Ne5 21. a3 Qa5 22. Bg5 Nb3 23. Rcd1 Re8 24. h5 Qb6 25. Be3 c5 26. hxg6 hxg6 27. f4 Nd7 28. f5 Ne5 29. Nb5 Bf6 30. Rh1 g5 31. Rh5 Kg7 32. Bxg5 Rh8 33. Rdh1 Rag8 34. Bh6+ Rxh6 35. Rxh6 Nd4 36. Nxd4 cxd4 37. Qc2 d3 38. Bxd3 Qe3 39. Be2 Kf8 40. R1h3 Ng4 41. Bxg4 Rxg4 42. Rxf6 exf6 43. c5 dxc5 44. d6 Kg7 45. d7 Qd4 46. Kf3 Rg5 47. Rh1 Qxd7 48. Rd1 Qc6 49. g4 Kf8 50. Qh2 Rg8 51. Qd6+ Kg7 52. Qxc6 bxc6 53. Rc1 Rb8 54. Rc2 c4 55. Rxc4 Rxb2 56. Rxa4 c5 57. Kf4 Rf2+ 58. Ke3 Rg2 59. Ra8 Rg3+ 60. Kf4 Rg1 61. a4 Ra1 62. Ke3 Ra3+ 63. Kd2 c4 64. a5 c3+ 65. Kd3 Kh7 66. a6 Kg7 67. a7 Kh7 68. g5 Kg7 69. e5 fxe5 70. f6+ Kh7 71. g6+ Kxg6 72. Rg8+ Kxf6 73. a8Q Rxa8 74. Rxa8 Kf5 75. Kxc3 Ke4 76. Kd2 f5 77. Ke2 1-0

[Event "Zonal 3.3 Online"]
[Site "Tornelo INT"]
[Date "2021.05.02"]
[Round "2"]
[White "Lorenzo, Kimuel Aaron O"]
[Black "Laylo, Darwin"]
[Result "0-1"]
[WhiteElo "1769"]
[BlackElo "2434"]
[PlyCount "104"]
[EventDate "2021.05.01"]
[EventType "swiss"]
[EventRounds "9"]
[EventCountry "PHI"]
[SourceTitle "CBM 202 Extra"]
[Source "ChessBase"]
[SourceDate "2021.07.31"]
[SourceVersion "1"]
[SourceVersionDate "2021.07.31"]
[SourceQuality "1"]

1. e4 c5 2. Nf3 e6 3. d4 cxd4 4. Nxd4 a6 5. c4 Qc7 6. Nc3 Nc6 7. a3 Nf6 8. Be3 Be7 9. Be2 0-0 10. f4 d6 11. 0-0 e5 12. fxe5 dxe5 13. Nb3 Na5 14. Nxa5 Qxa5 15. b4 Qc7 16. Rc1 Be6 17. Nd5 Bxd5 18. exd5 Rfd8 19. Qb3 e4 20. Rcd1 Bd6 21. h3 b6 22. Kh1 Rab8 23. Bg5 Nd7 24. Bxd8 Qxd8 25. g3 g6 26. Qe3 Qe7 27. Kg2 f5 28. Rb1 Rf8 29. c5 bxc5 30. Bxa6 cxb4 31. axb4 g5 32. Rbe1 Bxb4 33. d6 Bxd6 34. Qd4 Be5 35. Qc4+ Kh8 36. Re3 Nc5 37. Bb5 Qd6 38. Rfe1 f4 39. Rxe4 f3+ 40. Kh1 Nxe4 41. Qxe4 Bc3 42. Rg1 f2 43. Rf1 Qxg3 44. Qg2 Qe3 45. Qg4 Rf4 46. Qc8+ Kg7 47. Bc6 h5 48. Bd5 g4 49. Qd7+ Kh6 50. Bg2 Bf6 51. Rd1 Rf3 52. Qd2 f1Q+ 0-1